000 00366pab a2200145 454500
008 180718b2015 xxu||||| |||| 00| 0 eng d
100 _aGilbert, Richard J.
245 _aE-books: a tale of digital disruption
260 _c2015
300 _ap.165-184.
362 _aSummer
650 _aE books
773 _aJournal of Economic Perspectives
909 _a109452
999 _c109447
_d109447